01209 2200361 4500001002100000005001500021035002000036007000300056008004100059020002200100082001100122084001500133100006000148245024100208250001100449260005700460300003300517650002100550700002000571700002500591700001700616700002300633700001900656700002100675700002300696700001800719700002100737700002100758520003000779520001400809990001200823990001200835INLIS00000000000193620180502105048 a0010-0518000006ta180502 g 0 ind  a978-979-91-0595-0 a307.72 a307.72 KEP0 aKEPULAUAN, Kangean Penelitian Terapan untuk Pembangunan1 aKepulauan Kangean Penelitian Terapan untuk Pembangunan /cCharles Illouz; penerjemah, Ari Anggari Harapan, Taufik Atik, Ida Sundari Husen, Talha Bachmid, Philippe Grange, Rahayu S. Hidayat, Dina Matayas, Chandra Nuraini, Hendra Setiawan acet. 1 aJakarta :bKepustakaan Populer Gramedia (KPG),c2013 aix, 281 hlm :bilus ;c30 cm aPEMBANGUNAN DESA0 aCHARLES, Illouz0 aARI, Anggari Harapan0 aTAUFIK, Atik0 aIDA, Sundari Husen0 aTALHA, Bachmid0 aPHILIPPE, Grange0 aRAHAYU, S. Hidayat0 aDINA, Matayas0 aCHANDRA, Nuraini0 aHENDRA, Setiawan abibliografi: hlm. 272-275 aglosarium a16591 a a16591 b